Anglojęzyczni Raperzy Według Roku Urodzenia (2024) - Statystyki

Ogólne statystyki
  • Ten quiz został rozwiązany 58 razy
  • Średni wynik to 16 z 44
Statystyki odpowiedzi
Rok Raperzy % Poprawnych
1971 2Pac,Snoop Dogg,Method Man,Big Pun
92%
1972 Eminem,The Notorious B.I.G.
86%
1991 Travis Scott,Quavo,Offset,PnB Rock,Young Thug,DaBaby,Smino,Ghostemane,Fetty Wap,Tyler, the Creator
80%
1986 Drake,Waka Flocka Flame,Schoolboy Q,Kevin Gates
78%
1996 Lil Peep,Ski Mask The Slump God,Lil Xan,Playboi Carti,Yung Lean,6ix9ine,Russ Millions
76%
1998 XXXTentacion,Juice WRLD,Sheck Wes,Roddy RicchLil Skies,Central Cee,Lil Darkie,Jack Harlow
76%
1977 Kanye West,2 Chainz,Pusha T
73%
1987 Kendrick Lamar,Wiz Khalifa,Meek Mill
71%
2000 Ken Carson,Ice Spice,Lil Loaded,Lil Pump,Baby Keem,Yeat,Digga D,BabyTron,BLP Kosher
65%
1992 21 Savage,Lil Durk,Cardi B,Joji,Mac Miller,Tory Lanez
63%
1994 King Von,Don Toliver,Takeoff,Lil Baby,Scarlxrd,Bones,Bladee,Fredo,Bobby Shmurda
63%
1969 Jay-Z,Ice Cube,Diddy,RZA,MC Ren
59%
1995 Lil Uzi Vert,Chief Keef,Denzel Curry,Lil Tracy,Post Malone,Doja Cat,MEGAN THEE STALLION, Flipp Dinero
59%
1983 Future,Chinx
55%
1965 KRS-ONE,DR. Dre,Slick Rick
55%
1999 Pop Smoke,YNW Melly,Trippie Redd,Lil Nas X,NBA Youngboy,Polo G,Zillakami,Sleepy Hallow, YBN Nahmir
55%
2002 NLE Choppa,Lil Tecca,Lil Mosey
51%
1988 ASAP Rocky,Lil Dicky,Asap Yams,Asap Ferg,Big Sean
47%
1982 Nicki Minaj,Lil Wayne,Ty Dolla Sign,Skepta
47%
2001 Destroy Lonely,Lil Tjay,SoFaygo
41%
1964 Eazy-E
41%
1973 Nas,Mos Def
41%
1985 J. Cole,Jay Rock,Young Dolph
39%
1993 Gunna,Swae Lee,Bryson Tiller
37%
1997 Lil Yachty,Kodak Black,Smokepurpp,Night Lovell,Corpse,Killy,Freddie Dredd
27%
1984 Kid Cudi,French Montana
24%
1990 J.I.D.,YG,Fivio Foreign,Machine Gun Kelly
20%
1980 Gucci Mane,T.I.
16%
1989 Tyga,Derez Deshon
14%
2005 Lil Mabu,Brooklyn Queen,LIl Esco
12%
1976 Rick Ross,Ja Rule
12%
1975 Lauryn Hill,Big Boi,Andre 3000
10%
1963 Coolio
8%
2006 DD Osama
6%
1968 LL Cool J,Rakim,Kool G. Rap,Big Daddy Kane
6%
2004 Matt Ox,Kashdami
6%
2008 Notti Osama,Sugarhillddot
6%
2003 Kay Flock,Kyle Richh
4%
1974 Big L,Xzibit
2%
1960 Chuck D
2%
1958 Grandmaster Flash
2%
1959 Kurtis Blow
2%
1970 Scarface,Fat Joe
2%
2007 That Girl Lay Lay
2%
Nie znaleziono quizów pasujących do podanych kryteriów
Rozkład punktacji
Procent ludzi z każdym wynikiem
Percentyl według liczby udzielonych odpowiedzi
Twoja historia wyników
Nie rozwiązałeś tego quizu